Normal view
MARC view
- Uhalde, Leticia,
Entry Nombre Personal
001 - NUMERO DE CONTROL
- campo de control: 41860
003 - IDENTIFICADOR DE NUMERO DE CONTROL
- campo de control: UPN
005 - FECHA Y HORA DE LA ÜLTIMA TRANSACCIÓN
- campo de control: 20210219194613.0
008 - DATOS DE LONGITUD FIJA
- campo de control de longitud fija: nabaccnnaabn|||||||||| b |nc|||||d
035 ## - NUMERO DE CONTROL
- Número de control: UPN11000013967
040 ## - FUENTE DE CATALOGACIÓN
- Lenguaje de catalogación: SPA
- Agencia de transcripción: UPN
100 1# - ENCABEZAMIENTO - NOMBRE PERSONAL
- Nombre personal: Uhalde, Leticia,
- Fechas asociadas con el nombre: 1942-1991
670 ## - FUENTE EN LA QUE SE LOCALIZARON DATOS
- Cita de la fuente: T
- Uniform Resource Identifier: https://www.goodreads.com/author/show/139087.Leticia_Uhalde
680 ## - NOTA PUBLICA DE ACCESO PÚBLICO
- Frase explicativa de la referencia: Ilustradora, psicopedagoga y periodista argentina
902 ## - CATALOGADOR
- Catalogador: EMR/191018
